Gift / (Record no. 30424)

MARC details
000 -LEADER
fixed length control field 02118cam a2200457Ii 4500
001 - CONTROL NUMBER
control field 14636213
003 - CONTROL NUMBER IDENTIFIER
control field EG-ScBUE
005 - DATE AND TIME OF LATEST TRANSACTION
control field 20230517140651.0
008 - FIXED-LENGTH DATA ELEMENTS--GENERAL INFORMATION
fixed length control field 190318t2019 ja a f 000 0 eng d
020 ## - INTERNATIONAL STANDARD BOOK NUMBER
International Standard Book Number 9784908600043
035 ## - SYSTEM CONTROL NUMBER
System control number (OCoLC)on1090073282
035 ## - SYSTEM CONTROL NUMBER
System control number (NhCcYBP)co203022498
035 ## - SYSTEM CONTROL NUMBER
System control number 14636213
040 ## - CATALOGING SOURCE
Original cataloging agency TRCLS
Language of cataloging eng
Description conventions rda
Transcribing agency TRCLS
Modifying agency YDX
-- ZLM
-- OCLCF
-- MYA
-- EG-ScBUE
082 04 - DEWEY DECIMAL CLASSIFICATION NUMBER
Edition number 22
Classification number 779.2092
Item number KAT
100 1# - MAIN ENTRY--PERSONAL NAME
Personal name Katayama, Mari,
Relator term author.
245 10 - TITLE STATEMENT
Title Gift /
Statement of responsibility, etc Mari Katayama ; editor Joyce Lam ; text Simon Baker, Mari Katayama.
250 ## - EDITION STATEMENT
Edition statement First edition
264 #1 - PUBLICATION, DISTRIBUTION, ETC. (IMPRINT)
Place of publication, distribution, etc Tokyo :
Name of publisher, distributor, etc United Vagabonds,
Date of publication, distribution, etc 2019.
264 #4 - PUBLICATION, DISTRIBUTION, ETC. (IMPRINT)
Date of publication, distribution, etc c2019
300 ## - PHYSICAL DESCRIPTION
Extent 133 pages :
Other physical details chiefly illustrations ;
Dimensions 30 cm
336 ## - CONTENT TYPE
Content type term still image
Content type code sti
Source rdacontent
336 ## - CONTENT TYPE
Content type term text
Content type code txt
Source rdacontent
337 ## - MEDIA TYPE
Media type term unmediated
Media type code n
Source rdamedia
338 ## - CARRIER TYPE
Carrier type term volume
Carrier type code nc
Source rdacarrier
500 ## - GENERAL NOTE
General note This book was shortlisted for the 2019 Photo-Aperture Foundation PhotoBook Awards, PhotoBook of the Year.
520 ## - SUMMARY, ETC.
Summary, etc "Presenting the first book of Mari Katayama (b. 1987, Gunma, Japan), Gift is a retrospective of her past works and evolution as an artist. Born with only two fingers on her left hand and tibial hemimelia, a rare deficiency in which one leg bone is absent, Katayama amputated both her legs at the age of nine, and has since then transcend her condition by works she creates with her prosthetics, intricately embroidered objects and also self-portrait photography, using her own body as a living sculpture." -- Provided by publisher
650 #7 - SUBJECT ADDED ENTRY--TOPICAL TERM
Topical term or geographic name as entry element Portrait photography.
Source of heading or term BUEsh
650 #7 - SUBJECT ADDED ENTRY--TOPICAL TERM
Topical term or geographic name as entry element Photography, Artistic.
Source of heading or term BUEsh
650 #7 - SUBJECT ADDED ENTRY--TOPICAL TERM
Topical term or geographic name as entry element Women amputees
General subdivision In art.
Source of heading or term BUEsh
650 #7 - SUBJECT ADDED ENTRY--TOPICAL TERM
Topical term or geographic name as entry element Women amputees
Form subdivision Pictorial works.
Source of heading or term BUEsh
653 ## - INDEX TERM--UNCONTROLLED
Resource For college Arts and Design
Arrived date list May2023
655 ## - INDEX TERM--GENRE/FORM
Form subdivision Reading book
700 12 - ADDED ENTRY--PERSONAL NAME
Personal name Katayama, Mari.
Title of a work Photographs.
Form subheading Selections.
700 12 - ADDED ENTRY--PERSONAL NAME
Personal name Lam, Joyce,
Relator term editor.
700 12 - ADDED ENTRY--PERSONAL NAME
Personal name Baker, Simon,
Relator term author of introduction, etc.
880 1# - ALTERNATE GRAPHIC REPRESENTATION
Linkage 100-01
a $1!JG!;e-MO!KH(B.
880 #1 - ALTERNATE GRAPHIC REPRESENTATION
Linkage 264-02
a [$1!D&!0a(B] :
b United Vagabonds,
c 2019.
880 ## - ALTERNATE GRAPHIC REPRESENTATION
Linkage 500-00
a $1'18'We(B
942 ## - ADDED ENTRY ELEMENTS (KOHA)
Source of classification or shelving scheme Dewey Decimal Classification
Koha item type Book - Borrowing

No items available.